00173nam a22000857a 4500020001500000100002000015245001200035260002800047300001200075 a0689818769 aAndrew Clements aFrindle aNew YorkbAladdinc1996 a105 pgs